000 00561nam a2200229 a 4500
001 nice12345678
003 IN_TiNIC
005 20260116011320.0
008 050524s1946 newa grp 000 0 eng
020 _a
_c0
082 0 0 _a201
_bBEA1
100 _aBeard, Augustus Field
245 _aStory of John Frederic Oberlin
260 _aNew York
_bChristian Rural Fellowship
_c1946
300 _a100p
500 _aincludes index and biblioraphy
505 2 _aIllus
700 1 _aBeard, Augustus Field
902 _bSRS
942 _cBK
999 _c433
_d433